000 00921nam a2200277 i 4500
001 8053
003 KOSZ 005
005 20200630132817.0
008 080129s1967 pl a f 001 0 pol
015 _aPB 1967/6321
040 _aWA N
_cKOSZ 005/RW
_dKOSZ 005/RW
041 1 _apol
_hrom
080 _a547
100 1 _aNenitescu, C. D.
_eAutor.
245 1 0 _aChemia organiczna.
_nT. 1 /
_cC. D. Nenitescu ; przeł. Henry Kehiaian.
246 1 _iTyt. oryg.:
_aChimie organică
260 _aWarszawa :
_bPaństwowe Wydawnictwo Naukowe,
_c1967.
300 _a899, [1] s. :
_bil., err. ;
_c25 cm.
380 _aKsiążki.
504 _aIndeks.
650 4 _aChemia organiczna
700 1 _aKehiaian, Henryk.
_eTł.
710 2 _aPaństwowe Wydawnictwo Naukowe
_4pbl.
856 _uhttp://koha.tu.koszalin.pl/cgi-bin/koha/opac-detail.pl?biblionumber=8053
_yKatalog online BPK
942 _2UKD
_cKS
999 _c8053
_d8053